000 00277nam a22001337a 4500
003 SGT
082 _aKHA 530
100 _aKHANNA,M.P
245 _aINTRODUCTION TO PARTICLE PHYSICS
260 _aNEW DELHI
_bPHI
_c2013
300 _a297
650 _aPHYSICS
942 _2ddc
_cFPS
999 _c10098
_d10098